Normal view
MARC view
Entry Topical Term
001 - CONTROL NUMBER
- control field: 16671
003 - CONTROL NUMBER IDENTIFIER
- control field: ARRUPE
005 - DATE AND TIME OF LATEST TRANSACTION
- control field: 20150326174656.0
008 - FIXED-LENGTH DATA ELEMENTS
- fixed length control field: 150326|| aca||aabn | a|a d
040 ## - CATALOGING SOURCE
- Original cataloging agency: ARRUPE
- Transcribing agency: ARRUPE
150 ## - HEADING--TOPICAL TERM
- Topical term or geographic name as entry element: Baptism in the holy spirit
- General subdivision: History of doctrines
670 ## - SOURCE DATA FOUND
- Source citation: Work cat.: (ARRUPE): McDonnell, K. (ed.) 16669, Toward a new pentecost for a new evangelization , 1993